000 01256nam a2200289 i 4500
001 172412
003 ES-MaACL
005 20250827231412.0
008 090702m19491957xxk |||| | eng d
080 _a1 Sexto Empírico
080 _a165.72
100 0 _aSexto Empírico.
_9105957
245 1 0 _aSextus Empiricus /
_cwith an english translation by R.G. Bury ; in four volumes.
260 _aLondon :
_bWilliam Heinemann ;
_aCambridge (Massachusetts) :
_bHarvard University Press,
_c1949-1957.
300 _a4 v. ;
_c17 cm.
490 1 _aThe Loeb classical library
500 _aÍndice.
505 8 _aContiene : I ;
_tOutlines of pyrrhonism (XLV, 513, 10 p.) - II ;
_tAgainst the logicians (VII, 489, 10 p.) - III ;
_tAgainst the physicists ; Against the ethicists (VI, 555 p.) - IV ;
_tAgainst the professors (VII, 409 p.)
546 _aTexto paralelo en griego e inglés.
595 _av. 4 publ. en 1949.
650 0 7 _aEscepticismo
_2embne
_912353
700 1 _aBury, R. G.
_9161446
830 0 _aThe Loeb classical library
_9189091
852 _aES-MaACL
_jE-12739-41
_z. - Biblioteca Jacinto Martínez Lacalle
852 _aES-MaACL
_jL-30972
_z. - Biblioteca Jacinto Martínez Lacalle
999 _c172412
_d172412